| 000 | nam a22 7a 4500 | ||
|---|---|---|---|
| 999 |
_c330722 _d330722 |
||
| 003 | NUST | ||
| 005 | 20180119162142.0 | ||
| 008 | 170802b xxu||||| |||| 00| 0 eng d | ||
| 040 | _c0 | ||
| 082 | _a320.95491 | ||
| 100 | _4SPO | ||
| 245 |
_aUnderstanding PAKISTAN: Democratic Governance Volume-I _bSocial Justice |
||
| 260 |
_aIslamabad _bSPO National Centre _c2014 |
||
| 300 | _a248p | ||
| 942 |
_2ddc _cBK |
||